Шляхи перемоги (Запис № 307349)

МАРК-запис
000 -Лідер
fixed length control field 00664nam a22002537a 4500
003 - Ідентифікатор контрольного номера
control field UA-OsUOA
001 - Контрольний номер
control field 21156
007 - Фіксоване поле фізичного опису
fixed length control field ta
008 - Елементи даних фіксованої довжини – загальна інформація
fixed length control field 20031120b un ||||| |||| 00| 0 ukr d
090 ## - Локальний шифр розміщення
Класифікаційний індекс УДК 77:94(4)"1939/1945"
Авторський знак (НП) С29
040 ## - Джерело каталогізації
Агенція оригінальної каталогізації UA-OsUOA
Мова каталогізації ukr
Агенція, яка здійснювала перезапис UA-OsUOA
Агенція, яка здійснювала модифікацію UA-OsUOA
041 ## - Код мови
Код мови тексту/ звукової доріжки чи окремого заголовка (П) ukr
080 ## - Індекс Універсальної десяткової класифікації
Індекс Універсальної десяткової класифікації (УДК) (НП) 77:94(4)"1939/1945"
020 ## - Міжнародний стандартний книжковий номер (ISBN)
Міжнародний стандартний книжковий номер (ISBN) (НП) 5-7707-7763-Х
044 ## - Код країни видавця/ виробника
Код країни видавця/ виробника (П) UA
100 ## - Основне введення – ім’я особи
Ім’я особи (НП) Селюченко М.І.
245 ## - Відомості про назву
Назва (НП) Шляхи перемоги
Решта назви (НП) Фотоальбом
260 ## - Публікація, розповсюдження і т.п. (Вихідні дані)
Місце публікації, розповсюдження і т.п. (П) Київ
Ім’я/ наймення видавництва, розповсюджувача і т.п. (П) Спалах ЛТД
Дата публікації, розповсюдження і т.п. (П) 1995
300 ## - Фізичний опис
Обсяг 312 с.
Інші фізичні характеристики (НП) Ілюстрації
650 #7 - Додаткове предметне введення – тематичний термін
Джерело заголовка чи терміна UDC
942 ## - Додаткові елементи входу (Коха)
Тип елемента Koha Книги
955 ## - Код типу видання за змістом
Код типу видання за змістом (НП) інше
Фонди
Стан вилучень Стан втрат Джерело класифікації або схеми стелажів Стан уражень Не для кредиту Постійне місце розташування Поточне розміщення Дата придбання Інвентарний номер Усього замовленно Штрих-код Дата останнього перегляду Ціна ефективна від Тип елемента Koha Вартість, звичайна ціна покупки
    Universal Decimal Classification     АБ - Абонемент НБ АБ - Абонемент НБ 20/11/2003 20452   20452 26/01/2022 20/11/2003 Книги  
    Universal Decimal Classification     АБ - Абонемент НБ АБ - Абонемент НБ 20/11/2003 20453   20453 26/01/2022 20/11/2003 Книги 7.39
    Universal Decimal Classification     АБ - Абонемент НБ АБ - Абонемент НБ 20/11/2003 41470   41470 26/01/2022 20/11/2003 Книги 7.39
    Universal Decimal Classification     АБ - Абонемент НБ АБ - Абонемент НБ 20/11/2003 41471   41471 26/01/2022 20/11/2003 Книги 50.10
    Universal Decimal Classification     ЧЗ - Читальна зала ЧЗ - Читальна зала 25/06/2004 70365   70365 09/02/2022 20/11/2003 Книги 7.39